Statistiche per Personaggi di Gossip Girl

Clicka qui per fare il quiz!

Statistiche generali

  • Questo quiz è stato fatto 78 volte
  • Il punteggio medio è 11 su 19

Statistiche sulle risposte

HintRisposta% Corretto
girlSerena van Der Woodsen
100%
girlBlair Waldorf
98%
boyChuck Bass
98%
boyDan Humphrey
92%
boyNate Archibald
88%
girlLily Van Der Woodsen
81%
girlJenny Humphrey
79%
boyRufus Humphrey
71%
girlVanessa Abrams
69%
boyEric Van Der Woodsen
58%
girlGeorgina Sparks
56%
boyBart Bass
50%
girlDorota Kishlovsky
42%
girlEleanor Waldorf
35%
boyCarter Baizen
27%
girlIvy Dickens
23%
boyLouis Grimaldi
19%
girlCharlotte Rhodes
13%
girlDiana Payne
12%

Distribuzione punteggi

Percentile per numero di risposta

Percentuale di utenti per punteggio

I tuoi punteggi nel tempo

Non hai fatto questo quiz